Formula 1 Drivers with most Podiums without Win - Statistics

General Stats
  • This quiz has been taken 133 times
  • The average score is 4 of 21
Answer Stats
Podiums Driver % Correct
13 Norris
88%
10 Grosjean
46%
13 Heidfeld
45%
3 Stroll
40%
3 Kvyat
33%
9 Brundle
21%
5 de Cesaris
19%
3 Glock
18%
12 Johansson
16%
11 Amon
10%
3 Jarier
9%
3 Wurz
9%
3 Blundell
8%
9 Cheever
7%
4 Warwick
6%
3 Castellotti
5%
3 Maggs
5%
8 Villoresi
5%
9 Behra
4%
3 Capelli
4%
3 Gregory
3%
No matching quizzes found
Score Distribution
Percent of People with Each Score
Percentile by Number Answered
Your Score History
You have not taken this quiz